A Seekers request : In a letter to catholick priests, and protest ant ministers, for satisfying his conscience in the truth of what he ought to believe of the Lord's Supper.

Bibliographic Details
Corporate Author: Gale (Firm)
Format: eBook
Language:English
Subjects:
Online Access:Connect to the full text of this electronic book

MARC

Tag First Indicator Second Indicator Subfields
LEADER 00000cam a2200000 4500
001 in00003813721
005 20190415185123.0
006 m o d
007 cr |n||||||||n
008 880118s1736 ie |||| o 00||||eng c
035 |a (CU-RivES)T175384 
035 |a (Uk-ES)006270174 
035 |a (OCoLC)509240195 
040 |a Uk-ES  |c Uk-ES  |d CStRLIN  |d Cengage Gale  |d UtOrBLW 
245 0 2 |a A Seekers request :  |b In a letter to catholick priests, and protest ant ministers, for satisfying his conscience in the truth of what he ought to believe of the Lord's Supper. 
264 3 |a Dublin :  |b Printed, at the Rein Deer in Montrath-Street,  |c 1736. 
300 |a 1 online resource (8 pages)  
336 |a text  |b txt  |2 rdacontent 
337 |a computer  |b c  |2 rdamedia 
338 |a online resource  |b cr  |2 rdacarrier 
510 4 |a English Short Title Catalog,  |c T175384. 
500 |a Reproduction of original from National Library of Ireland. 
500 |a Electronic resource. 
650 0 |a Lord's Supper  |v Early works to 1800.  |0 http://id.loc.gov/authorities/subjects/sh85078368 
655 7 |a Electronic books.  |2 local 
710 2 |a Gale (Firm)  |0 http://id.loc.gov/authorities/names/no2008071348 
752 |a Ireland  |d Dublin. 
856 4 0 |u http://proxy.library.tamu.edu/login?url=http://find.galegroup.com/ecco/infomark.do?contentSet=ECCOArticles&docType=ECCOArticles&bookId=1456500700&type=getFullCitation&tabID=T001&prodId=ECCO&docLevel=TEXT_GRAPHICS&version=1.0&source=library&userGroupName=txshracd2898  |z Connect to the full text of this electronic book  |t 0 
999 f f |s 97d8678e-8039-304f-8d2f-2155136a5cc2  |i 9c5db4cd-b029-32ae-8194-eeba1b3f5afa  |t 0 
952 f f |a Texas A&M University  |b College Station  |c Electronic Resources  |d Available Online  |t 0  |h No information provided 
998 f f |t 0  |l Available Online